[Event "DEM U10 2017"]
[Site "Willingen GER"]
[Date "2017.06.07"]
[Round "7"]
[White "Fuhrmann, Bahne"]
[Black "Cromm, Mika"]
[Result "1-0"]
[Termination "normal"]
[Board "18"]
[WhiteElo "1365"]
[BlackElo "1175"]
[PlyCount "59"]
[WhiteFideId "16244842"]
[BlackFideId "16244915"]
[EventCountry "GER"]
[EventRounds "11"]
[EventType "swiss"]
[EventDate "2017.06.03"]

1. e4 e5 2. Nf3 Nc6 3. Bc4 h6 4. c3 Nf6 5. d3 Bc5 6. Bb3 d6 7. Nbd2 Be6 8. O-O
O-O 9. h3 Bb6 10. Re1 Re8 11. Nf1 Qe7 12. Ng3 Rad8 13. Be3 Bxe3 14. fxe3 Nh7
15. d4 exd4 16. exd4 Bd7 17. Qd3 Ng5 18. Re2 Qf6 19. Rf1 Qe7 20. Nxg5 hxg5 21.
Bxf7+ Kh8 22. Bxe8 Rxe8 23. Ref2 Be6 24. Qf3 a6 25. Qh5+ Kg8 26. d5 Bd7 27. Rf7
Qd8 28. Rxg7+ Kxg7 29. Rf7+ Kg8 30. Qh7# 1-0

[Event "DEM U10 2017"]
[Site "Willingen GER"]
[Date "2017.06.07"]
[Round "7"]
[White "Willsch, Justin"]
[Black "Fuchs, Thomas"]
[Result "0-1"]
[Termination "normal"]
[Board "19"]
[WhiteElo "1221"]
[BlackElo "1366"]
[PlyCount "228"]
[WhiteFideId "16229762"]
[BlackFideId "16230574"]
[EventCountry "GER"]
[EventRounds "11"]
[EventType "swiss"]
[EventDate "2017.06.03"]

1. d4 Nf6 2. c4 c5 3. Nf3 cxd4 4. Nxd4 g6 5. g3 Nc6 6. Bg2 Bg7 7. O-O O-O 8.
Nf3 d6 9. Nc3 Bf5 10. Bf4 Qb6 11. Qd2 Rac8 12. Be3 Qa5 13. Nb5 Qxd2 14. Nxd2 a6
15. Nc3 Na5 16. b3 Nd7 17. Rac1 b5 18. Nd5 Rfe8 19. cxb5 Rxc1 20. Rxc1 axb5 21.
Nf3 Nf6 22. Nxf6+ Bxf6 23. Nd4 Bd7 24. Rc7 e5 25. Nc2 Bf5 26. Bd2 Bd8 27. Ra7
Nxb3 28. axb3 Bxc2 29. b4 Bd1 30. Kf1 Bb3 31. Bc6 Rf8 32. Bxb5 Bd5 33. Rd7 Be6
34. Rxd6 Be7 35. Rb6 Ra8 36. Bd3 Bh3+ 37. Ke1 Ra1+ 38. Bc1 Rxc1+ 39. Kd2 Rc7
40. b5 Bg5+ 41. e3 Bd8 42. Rb8 Rc8 43. Rb7 Bg2 44. Ra7 f5 45. Rd7 Ba5+ 46. Kd1
Bf3+ 47. Be2 Be4 48. Re7 Bc2+ 49. Kc1 Bd3+ 50. Kd1 Bxe2+ 51. Kxe2 Rc5 52. Rb7
e4 53. Rb8+ Kg7 54. b6 Rb5 55. b7 Bc7 56. Re8 Rxb7 57. Re7+ Kh6 58. Kd1 Ra7 59.
Kc1 Bb6 60. Re6 Bd8 61. Rd6 Be7 62. Re6 Kg5 63. h3 h5 64. h4+ Kh6 65. Kd1 Ra1+
66. Ke2 Ra2+ 67. Kf1 Bd8 68. Rd6 Ba5 69. Ra6 Ra1+ 70. Kg2 Bc3 71. Rc6 Bg7 72.
Rc7 Ra6 73. Kg1 Ra8 74. Kg2 Rg8 75. Rc6 Rf8 76. Kg1 Bf6 77. Kg2 g5 78. hxg5+
Kxg5 79. Kh3 Rh8 80. Rc5 Re8 81. Rc2 Rd8 82. Re2 Rh8 83. Rc2 h4 84. gxh4+ Rxh4+
85. Kg3 Be5+ 86. Kg2 Kg4 87. Rc5 Bh2 88. Rc8 f4 89. Rg8+ Kf5 90. Rf8+ Kg6 91.
Re8 f3+ 92. Kf1 Rg4 93. Rg8+ Kf5 94. Rf8+ Ke6 95. Ke1 Rg1+ 96. Kd2 Kd5 97. Rd8+
Bd6 98. Rd7 Ke6 99. Rb7 Kd5 100. Rd7 Kc6 101. Rf7 Rg2 102. Ke1 Rg1+ 103. Kd2
Bb4+ 104. Kc2 Rf1 105. Rf6+ Bd6 106. Kc3 Rxf2 107. Kd4 Ra2 108. Kxe4 f2 109.
Kd3 Kd5 110. e4+ Ke5 111. Rf5+ Ke6 112. Ke3 Bc5+ 113. Kd3 Ra1 114. Ke2 Re1+ 0-1

[Event "DEM U10 2017"]
[Site "Willingen GER"]
[Date "2017.06.07"]
[Round "7"]
[White "Neuwirth, Mark"]
[Black "Fathke, Luke"]
[Result "1/2-1/2"]
[Termination "normal"]
[Board "20"]
[WhiteElo "1123"]
[BlackElo "1327"]
[PlyCount "60"]
[WhiteFideId "16244958"]
[BlackFideId "16230230"]
[EventCountry "GER"]
[EventRounds "11"]
[EventType "swiss"]
[EventDate "2017.06.03"]

1. e4 c6 2. Nf3 d5 3. exd5 cxd5 4. Ne5 Nc6 5. Bb5 Qb6 6. Qf3 Nf6 7. Qb3 Bd7 8.
Nxd7 Kxd7 9. O-O a6 10. Bc4 Qxb3 11. Bxb3 e6 12. d3 Rc8 13. c3 Bd6 14. Nd2 b5
15. c4 Nd4 16. cxd5 exd5 17. g3 h5 18. h4 Rcg8 19. Kg2 g5 20. hxg5 Rxg5 21. Nf3
Nxf3 22. Kxf3 Rgg8 23. Bd2 b4 24. a3 h4 25. gxh4 Rxh4 26. Rh1 Rxh1 27. Rxh1
bxa3 28. bxa3 Bxa3 29. Ra1 Bd6 30. Rxa6 Ke6 1/2-1/2

[Event "DEM U10 2017"]
[Site "Willingen GER"]
[Date "2017.06.07"]
[Round "7"]
[White "Grabs, Peter"]
[Black "Schott, Andy"]
[Result "1-0"]
[Termination "normal"]
[Board "21"]
[WhiteElo "1281"]
[BlackElo "1143"]
[PlyCount "77"]
[WhiteFideId "16203887"]
[BlackFideId "16244940"]
[EventCountry "GER"]
[EventRounds "11"]
[EventType "swiss"]
[EventDate "2017.06.03"]

1. e4 e5 2. Nf3 Nc6 3. Nc3 Nf6 4. Bb5 Bb4 5. O-O d6 6. Nd5 Ba5 7. d3 h6 8. h3
Bd7 9. c3 Nxd5 10. exd5 Ne7 11. Bxd7+ Qxd7 12. d4 exd4 13. Qxd4 O-O 14. Re1 Ng6
15. Nd2 c6 16. Ne4 Rfe8 17. Bxh6 Ne5 18. dxc6 bxc6 19. Bf4 Qxh3 20. gxh3 Nf3+
21. Kg2 Nxd4 22. Nxd6 Nc2 23. Rxe8+ Rxe8 24. Nxe8 Nxa1 25. Kf3 Bb6 26. Be3 Bxe3
27. Kxe3 Kh7 28. Kd2 f5 29. Kc1 Kh6 30. Kb1 g5 31. Kxa1 g4 32. hxg4 fxg4 33.
Nf6 Kg5 34. Ne4+ Kf4 35. Nf6 Kf5 36. Nxg4 Kxg4 37. Kb1 Kf3 38. Kc2 Kxf2 39. Kd3
1-0

[Event "DEM U10 2017"]
[Site "Willingen GER"]
[Date "2017.06.07"]
[Round "7"]
[White "Sommer, Justus"]
[Black "Bolz, Jannis"]
[Result "0-1"]
[Termination "normal"]
[Board "22"]
[WhiteElo "1081"]
[BlackElo "1333"]
[PlyCount "86"]
[WhiteFideId "16245008"]
[BlackFideId "16214897"]
[EventCountry "GER"]
[EventRounds "11"]
[EventType "swiss"]
[EventDate "2017.06.03"]

1. e4 e5 2. Nf3 Nc6 3. Nc3 Nf6 4. d4 exd4 5. Nxd4 Bb4 6. Nxc6 bxc6 7. Bd3 d5 8.
exd5 cxd5 9. O-O O-O 10. Bg5 c6 11. a3 Bd6 12. Qd2 Rb8 13. b4 Re8 14. Rfe1 Be5
15. Rad1 Bd7 16. Re2 Qc7 17. f4 Bd4+ 18. Kh1 h6 19. Bxf6 Bxf6 20. Rxe8+ Rxe8
21. Rf1 a5 22. b5 a4 23. bxc6 Bxc6 24. Nb5 Qd7 25. Nc3 d4 26. Ne2 Qh3 27. Ng3
Re3 28. Ne4 Rxe4 29. Bxe4 Bxe4 30. Kg1 Qe3+ 31. Qxe3 dxe3 32. c4 Bd3 33. Rc1
Bb2 34. Re1 Bxc4 35. g3 Bxa3 36. Ra1 Bb2 37. Rxa4 e2 38. Ra8+ Kh7 39. Re8 Bd4+
40. Kg2 Bd5+ 41. Kh3 Be6+ 42. Kh4 Bf6+ 43. Kh5 g6# 0-1

[Event "DEM U10 2017"]
[Site "Willingen GER"]
[Date "2017.06.07"]
[Round "7"]
[White "Tran Minh, Hieu"]
[Black "Krüger, Arthur"]
[Result "0-1"]
[Termination "normal"]
[Board "23"]
[WhiteElo "1315"]
[BlackElo "1116"]
[PlyCount "97"]
[WhiteFideId "16244877"]
[BlackFideId "16244966"]
[EventCountry "GER"]
[EventRounds "11"]
[EventType "swiss"]
[EventDate "2017.06.03"]

1. e4 e5 2. Nf3 Nc6 3. Bc4 Bc5 4. d3 Nf6 5. c3 a6 6. a4 d6 7. O-O h6 8. Be3
Bxe3 9. fxe3 O-O 10. Nbd2 Ne7 11. Re1 Ng6 12. Nf1 c6 13. Ng3 d5 14. Ba2 dxe4
15. dxe4 Qxd1 16. Raxd1 b5 17. a5 Bb7 18. h3 c5 19. Bd5 Nxd5 20. exd5 Rad8 21.
e4 Rfe8 22. Nf5 Nf4 23. Kh2 c4 24. b4 cxb3 25. g3 Ng6 26. Rb1 Ne7 27. Nxe7+
Rxe7 28. Rxb3 f5 29. Ng1 fxe4 30. Rb2 Bxd5 31. Rd2 Red7 32. Red1 Bc6 33. Rxd7
Rxd7 34. Rxd7 Bxd7 35. Kg2 Bc6 36. Kf2 Kf7 37. h4 Kf6 38. g4 Ke6 39. Ne2 Kd5
40. Ke3 Kc4 41. Ng3 Kxc3 42. Nxe4+ Bxe4 43. Kxe4 b4 44. Kxe5 b3 45. Ke6 b2 46.
Kf7 b1=Q 47. Kxg7 Qe4 48. Kxh6 Qxg4 49. h5 0-1

[Event "DEM U10 2017"]
[Site "Willingen GER"]
[Date "2017.06.07"]
[Round "7"]
[White "Bock, Marlon"]
[Black "Meusel, Johannes"]
[Result "1/2-1/2"]
[Termination "normal"]
[Board "24"]
[WhiteElo "1148"]
[BlackElo "1212"]
[PlyCount "63"]
[WhiteFideId "16244931"]
[BlackFideId "16244893"]
[EventCountry "GER"]
[EventRounds "11"]
[EventType "swiss"]
[EventDate "2017.06.03"]

1. d4 Nf6 2. Nf3 e6 3. e3 d5 4. Bd3 c5 5. b3 Nc6 6. O-O cxd4 7. exd4 Bd6 8. Bb2
Qc7 9. Re1 O-O 10. Ne5 Nb4 11. a3 Nxd3 12. Qxd3 Nd7 13. Nd2 f6 14. Nef3 Re8 15.
Re2 Nf8 16. Rae1 Bd7 17. Nf1 Bb5 18. Qxb5 a6 19. Qd3 Ng6 20. Ng3 Nf4 21. Qd2
Nxe2+ 22. Qxe2 Qe7 23. b4 a5 24. c3 axb4 25. cxb4 Rac8 26. Qd3 Qd7 27. Nh5 Qf7
28. Ng3 Rc6 29. Rc1 Rec8 30. Rxc6 Rxc6 31. h3 Qc7 32. Ne1 1/2-1/2

[Event "DEM U10 2017"]
[Site "Willingen GER"]
[Date "2017.06.07"]
[Round "7"]
[White "Greßler, Christian"]
[Black "May, Alexander"]
[Result "1/2-1/2"]
[Termination "normal"]
[Board "25"]
[WhiteElo "1198"]
[BlackElo "1112"]
[PlyCount "140"]
[WhiteFideId "16244907"]
[BlackFideId "16244974"]
[EventCountry "GER"]
[EventRounds "11"]
[EventType "swiss"]
[EventDate "2017.06.03"]

1. e4 c5 2. Nf3 d6 3. Bb5+ Bd7 4. Bxd7+ Qxd7 5. O-O Nf6 6. Re1 Nc6 7. c4 g6 8.
Nc3 Bg7 9. d4 cxd4 10. Nxd4 O-O 11. Bg5 Rac8 12. Bxf6 Bxf6 13. Nde2 Qc7 14. Nd5
Qd7 15. Nxf6+ exf6 16. b3 Qc7 17. Nd4 Ne5 18. Nb5 Qb6 19. Qxd6 Qxd6 20. Nxd6
Rb8 21. Nb5 a6 22. Nc7 Rbc8 23. Nd5 Kg7 24. f4 Nc6 25. g4 Nd4 26. Red1 Nc6 27.
Nb6 Rc7 28. Rd2 Re8 29. Nd5 Rcc8 30. Re1 Rcd8 31. a3 h6 32. h4 g5 33. hxg5 fxg5
34. fxg5 hxg5 35. Rf2 Ne5 36. Ref1 Nxg4 37. Rxf7+ Kg6 38. Rxb7 Rxe4 39. Rb6+
Kh5 40. Nf6+ Nxf6 41. Rbxf6 Re3 42. R1f3 Rd1+ 43. Kf2 Rxf3+ 44. Rxf3 Ra1 45.
Rc3 Rxa3 46. c5 Ra2+ 47. Kg1 Re2 48. Kf1 Re8 49. c6 Rc8 50. c7 Kh4 51. Kg2 g4
52. b4 Kg5 53. Kg3 Kf6 54. Kxg4 Ke7 55. Kf4 Kd7 56. Ke5 Rxc7 57. Rxc7+ Kxc7 58.
Kd4 Kb6 59. Kc3 Kc7 60. Kb3 Kb7 61. Ka3 Ka7 62. Kb3 Kb6 63. Kc4 Kc6 64. Kc3 Kb6
65. Kc4 Kc6 66. Kc3 Kd5 67. Kb3 Kd4 68. Ka4 Kc4 69. Ka5 Kb3 70. Kxa6 Kxb4
1/2-1/2

[Event "DEM U10 2017"]
[Site "Willingen GER"]
[Date "2017.06.07"]
[Round "7"]
[White "Wessel, Daniel"]
[Black "Althaus, Lennart"]
[Result "1-0"]
[Termination "normal"]
[Board "26"]
[WhiteElo "1098"]
[BlackElo "1161"]
[PlyCount "87"]
[WhiteFideId "16244982"]
[BlackFideId "16244923"]
[EventCountry "GER"]
[EventRounds "11"]
[EventType "swiss"]
[EventDate "2017.06.03"]

1. e4 c5 2. Nf3 d6 3. d4 cxd4 4. Nxd4 Nf6 5. Nc3 a6 6. Bd3 e6 7. O-O Be7 8. h3
b5 9. a3 Bb7 10. Re1 Nbd7 11. Bd2 Rc8 12. Bf1 Nb6 13. b3 Qc7 14. Rc1 d5 15.
exd5 Nfxd5 16. Nxd5 Nxd5 17. c4 bxc4 18. Bxc4 Qd7 19. b4 O-O 20. Be3 Qc6 21.
Qd2 Nxe3 22. Nxc6 Rxc6 23. fxe3 Rfc8 24. Qd7 R6c7 25. Qd2 g6 26. Kh2 Bf6 27.
Be2 Bc3 28. Rxc3 Rxc3 29. Qd7 R3c7 30. Qd1 Rc1 31. Qxc1 Rxc1 32. Rxc1 Kf8 33.
Rc7 Bd5 34. Bxa6 Ke8 35. b5 h5 36. b6 f5 37. b7 Bxb7 38. Bxb7 e5 39. a4 g5 40.
a5 f4 41. a6 Kd8 42. Rh7 fxe3 43. a7 e2 44. a8=Q# 1-0

[Event "DEM U10 2017"]
[Site "Willingen GER"]
[Date "2017.06.07"]
[Round "7"]
[White "Friedhoff, Mirco"]
[Black "Brandstrup, Luca Alexander"]
[Result "1-0"]
[Termination "normal"]
[Board "27"]
[WhiteElo "1095"]
[BlackElo "1083"]
[PlyCount "60"]
[WhiteFideId "16243447"]
[BlackFideId "16244990"]
[EventCountry "GER"]
[EventRounds "11"]
[EventType "swiss"]
[EventDate "2017.06.03"]

1. e4 c5 2. Nc3 d6 3. Bb5+ Bd7 4. Bxd7+ Nxd7 5. d3 Ngf6 6. Bg5 e6 7. f4 h6 8.
Bh4 Be7 9. Nf3 O-O 10. g4 Nxg4 11. Bxe7 Qxe7 12. Rg1 f5 13. Qe2 fxe4 14. dxe4
Rxf4 15. O-O-O Raf8 16. Rg3 Qf6 17. Rd3 e5 18. Nd5 Qe6 19. Nxf4 Rxf4 20. Qd2
Rxe4 21. Rxd6 Qf5 22. Rxd7 Rf4 23. Rd8+ Kh7 24. Qe2 h5 25. h3 e4 26. hxg4 exf3
27. gxf5 fxe2 28. Re8 Rf1+ 29. Kd2 e1=Q+ 30. Rxe1 Rxe1 1-0

[Event "DEM U10 2017"]
[Site "Willingen GER"]
[Date "2017.06.07"]
[Round "7"]
[White "Fröhlich, Niklas"]
[Black "Hubert, Nikita"]
[Result "1/2-1/2"]
[Termination "normal"]
[Board "29"]
[WhiteElo "1023"]
[BlackElo "957"]
[PlyCount "79"]
[WhiteFideId "16245016"]
[BlackFideId "16235754"]
[EventCountry "GER"]
[EventRounds "11"]
[EventType "swiss"]
[EventDate "2017.06.03"]

1. e4 e5 2. Nf3 Nc6 3. Nc3 Nf6 4. Bc4 Nxe4 5. Nxe4 d5 6. Bb3 dxe4 7. Ng1 Bc5 8.
d3 exd3 9. cxd3 O-O 10. h4 Qf6 11. Nf3 h6 12. Rg1 Bg4 13. Bc2 Rad8 14. Qe2 Rfe8
15. Be3 Bd4 16. Kf1 Bxb2 17. Rb1 Bd4 18. Rxb7 Re7 19. Rh1 Bxe3 20. fxe3 Bxf3
21. Qxf3 Qxf3+ 22. gxf3 Rb8 23. Rxb8+ Nxb8 24. Ke2 Nc6 25. Rc1 Nb4 26. Bb3 g5
27. hxg5 hxg5 28. Rg1 Kg7 29. Rxg5+ Kf6 30. Rg4 a5 31. a3 Nc6 32. Bd5 Nb8 33.
Ra4 c6 34. Bc4 Ra7 35. Bb3 Nd7 36. d4 exd4 37. Rxd4 Nc5 38. Bc4 Ne6 39. Rd6 Rc7
40. Bd3 1/2-1/2